Non-Bordering Countries Closest to the Mediterranean Sea - Statistics

General Stats
  • This quiz has been taken 1,900 times
    1,487 since last reset
  • The average score is 17 of 20
Answer Stats
km country miles % Correct
82 Austria 51
95%
156 Switzerland 97
95%
10 San Marino 6
92%
106 Serbia 66
92%
22 Vatican City 13
92%
30 Bulgaria 19
89%
204 Hungary 126
89%
57 North Macedonia 36
89%
293 Romania 182
88%
83 Kosovo 51
87%
103 Andorra 64
86%
367 Slovakia 228
86%
63 Jordan 39
84%
190 Germany 118
81%
271 Liechtenstein 169
81%
226 Saudi Arabia 140
76%
290 Iraq 180
75%
164 Portugal 102
73%
531 Ukraine 330
69%
313 Czechia 195
66%
No matching quizzes found
Score Distribution
Percent of People with Each Score
Percentile by Number Answered
Your Score History
You have not taken this quiz since the last reset